000 00483cam a2200145 4500500
005 20260322004415.0
041 _afre
042 _adc
100 1 0 _aAugustins, Georges
_eauthor
245 0 0 _aFor Martine: ATPs in Nanterre, among other places
260 _c2024.
500 _a19
786 0 _nEthnologie française | 54 | 3 | 2024-11-15 | p. 129-132 | 0046-2616
856 4 1 _uhttps://shs.cairn.info/journal-ethnologie-francaise-2024-3-page-129?lang=en&redirect-ssocas=7080
999 _c1740098
_d1740098